Quizzes
Events
Quiz Creation
Community
Videos
Private Events
Remove Ads
Sign In
Join for FREE
Feedback
Dark Mode
Quiz Categories
Sports
Geography
Music
Movies
Television
Just For Fun
Miscellaneous
History
Literature
Language
Science
Gaming
Entertainment
Religion
Holiday
For Kids
Quiz Lab
Recent
Popular Today
Quiz Kudos Today
Editor Picks
Curator Picks
Quizzes by...
Day
Popularity
Type
Ratings
Length
Year
Community
Subscriptions
Recent Discussions
Orange Saloon
Badges
Playlists
Quests
Create
Leaderboards
Showdown
Live 5
Trivia Bingo
Activity
Puzzle Library
Sporcle Events
Private Events
Virtual Trivia
Globe League
Become a Host
Pub Owners
SporcleCon
Opinionation
Our Games
Videos
Blog
Mobile Apps
Partnerships
Remove Ads and Go Orange
Feedback
Miscellaneous
Crossword
General Knowledge
Baby Names
Logo
Food
Cars
Numbers
Grab Bag
University
College
Popular
Company
Slogans
Restaurants
Justice
Letter
Miscellaneous
Crossword
General Knowledge
Baby Names
Logo
Food
Cars
Numbers
Grab Bag
University
College
Popular
Company
Slogans
Restaurants
Justice
Letter
Random Quiz
Search Sporcle
×
Quiz Lab
Quiz Lab
Miscellaneous
Type in answers that appear in a list
Type in answers that appear in a list
Classic
Best Score? Go Orange.
V People (quite hard general knowledge) Stats
Can you name the V people?
By
kyrgyzstan
6m
25 Questions
307 Plays
307 Plays
307 Plays
Comments
Comments
Give Quiz Kudos
Give Quiz Kudos
-
- Ratings
hide this ad
Replay
Link that replays current quiz
Next Quiz
Link to next quiz in quiz playlist
You Got
0%
They Got
Avg Score
43%
Avg Friend Score
Upgrade to see
Score Distribution
Jump to the score distribution portion of the page
Score
0/25
Timer
06:00
0
Plays Today
% Correct
Vladimir Putin
72.3%
Vyacheslav Molotov
69.7%
Vincent Van Gogh
68.4%
Venus Williams
63.5%
Victor Hugo
61.6%
Ivan Pavlov
56.7%
Gustav
54.4%
Venus de Milo
52.4%
Voltaire
51.5%
Henry V
47.9%
Vlad the Impaler
46.9%
Vivien Leigh
43.6%
Isaac Asimov
43.3%
% Correct
Vladimir Nabokov
42.7%
Viggo Mortensen
42.7%
Mikhail Kalashnikov
41.4%
Vanilla Ice
36.5%
Gary Kasparov
35.5%
Vangelis
28.7%
Chekov
27.7%
Rudolf Nureyev
26.7%
Sergei Prokofiev
25.7%
Yuri Andropov
22.5%
Vijay Singh
20.2%
Vinnie Testaverde
8.8%
Quiz Playlist
Details
Report
Send in Message
Add To Playlist
Classic:
Type in answers that appear in a list
Last Updated: Feb 16, 2017
Quiz Scoreboard
CHALLENGE
Sign Up to Join the Scoreboard
Show All
Scores
Hide
Comments
May contain spoilers
Recently Published
TV Characters by Other Roles V
by ghcgh
Television
5m
Decade Duel: World Leaders
by jenniferyan
History
4m
Alphabetical 'K' Countries by Flag Minefield
by ylime102
Geography
3m
More to Explore
Quiz From the Vault
Featured Blog Post
15 Basketball Trivia Facts You Can Be March Mad About
hide this ad
You Might Also Like...
Tags
This quiz does not have any tags.
Today's Top Quizzes in Miscellaneous
Browse Miscellaneous
hide this ad
Top Contributed Quizzes in Miscellaneous
1
The JOE quick-fire general knowledge quiz: Day 166
2
Spring Months consonants
3
The JOE quick-fire general knowledge quiz: Day 165
4
Pick 6: Supreme Pizza
5
Pick 6: Vegetables
6
Four Seasons
7
Pick 6: University Mascots
8
Guess the 'S' Things in 3 Words
9
The JOE quick-fire general knowledge quiz: Day 164
10
Sporcle Acrostic Puzzle XXXV
Explore More
Trending Topics
Kpop
Crossword
Marvel
Harry Potter
Anime
Disney
NBA
Puzzle
Country
NFL
The Office
Pokémon
WWE
Soccer
Song
hide this ad
More By:
kyrgyzstan
Quiz
Plays
Rating
Category
Featured
Created
9-Letter Countries
34,924
4.17
Geography
Jun 19, 2010
Q Verbs
2,103
4.55
Language
Apr 7, 2010
Bands/Singers in latin
1,384
4.11
Language
Jun 6, 2010
Math-tastic
345
3.27
Science
May 2, 2010
Un-scramble the word
343
2.91
Just For Fun
Apr 10, 2010
Go to Creator's Profile
Score Distribution
Quiz Creator Spotlight
kyrgyzstan
Follow
Send a Message
Quizzes Created
-
Created Quiz Play Count
-
More By This Creator
Popular Quizzes Today
1
Countries of Asia Without Outlines Minefield
2
Find the US States - No Outlines Minefield
3
Pick 6: Fruits
4
The Countries of the World
5
Find the Countries of Europe - No Outlines Minefield
6
Alphabetical 'K' Countries by Flag Minefield
7
US States
8
Find the US States
More Miscellaneous Quizzes
V8 Vegetable Juice Ingredients Crossword
Quiz Lab
Trending Quizzes
Pick 6: Mountains
Pick 6: Harry Potter
Pick 6: Flags
Pick 6: NFL Teams
C Names for Actors
Recently Updated
Adaptations: Name the Title
pecheneg
NWSL Teams
pecheneg
Women's Final Four Teams by Year
bhenderson79
Presidents Quartet II
eogle
Anything But Clue(do)
eogle
Anything But Oceanian Capitals
eogle
Anything But 7
eogle
Anything But Thing
eogle
Word Ladder: February 29
pecheneg
Song Title Questions
pecheneg
Trending Topics
Anime
Crossword
Kpop
Disney
Marvel
Harry Potter
NBA
The Office
NFL
Soccer
WWE
Pokémon
Country
Puzzle
Song
Your Account Isn't Verified!
In order to create a playlist on Sporcle, you need to verify the email address you used during registration. Go to your
Sporcle Settings
to finish the process.
Report this User
Report this user for behavior that violates our
Community Guidelines
.
Details:
Send Report
Go to the Sporcle.com Mobile Site →
Comments